00376nam a2200181Ia 4500003000900000008004100009040001300050040001300063041000800076100001400084245003200098250000900130260002100139260000900160300000800169490000900177490000800186IT-RoPAU120407s9999 xx 000 0 und d aIT-RoPAU cIT-RoPAU aita aAlain Hus aLe religioni greca e romana aRoma aEdizioni Paoline c1963 c cm aEcuo v142